| 000 | 01425nam a2200265Ia 4500 | ||
|---|---|---|---|
| 003 | PE SENCICO BE | ||
| 005 | 20251020182434.0 | ||
| 008 | 200515s9999 xx 000 0 und d | ||
| 020 | _a958-41-0187-0 | ||
| 040 |
_aPE SENCICO BE _cPE SENCICO BE |
||
| 041 | _aspa | ||
| 082 |
_a371.102 _bF65 |
||
| 100 | 1 |
_aFlores Ochoa, Rafael _92703 _eautor |
|
| 245 | 1 | 0 |
_aEvaluación pedagógica y cognición / _cRafael Flórez Ochoa |
| 250 | _a[1a ed.] | ||
| 260 |
_aBogotá : _bMcGraw-Hill ; _c2003 |
||
| 300 |
_a226 p. : _btbl., map., graf. ; _c23 cm. |
||
| 490 | _aDocente del siglo XXI : cómo desarrollar una práctica docente competitiva | ||
| 505 | 0 | _aEl nuevo paradigma epistemológico -- El progreso individual y la variedad pedagógica -- Análisis de la enseñanza y la evaluación del aprendizaje según los modelos pedagógicos -- Evaluación de instituciones y programas educativos -- La evaluación cualitativa del currículo -- La evaluación del aprendizaje -- La evaluación del aprendizaje en las áreas de ciencias y de matemáticas -- La enseñanza y la evaluación del aprendizaje en las sociohumanidades -- La evaluación docente -- Como mejorar los instrumentos de evaluación convencionales -- La investigación y la evaluación educativa | |
| 650 | 1 | 0 |
_aEducación _92279 |
| 650 | 2 | 0 |
_aEnseñanza _92363 |
| 650 | 2 | 0 |
_aEvaluaciones educativas _92704 |
| 650 | 2 | 0 |
_aAprendizaje _92282 |
| 942 |
_cLIB _2ddc |
||
| 999 |
_c329 _d329 |
||